Methods of analysis of fuels and oils (Record no. 1036)

000 -LEADER
fixed length control field 00394nam a22001457a 4500
008 - FIXED-LENGTH DATA ELEMENTS--GENERAL INFORMATION
fixed length control field 200107b ||||| |||| 00| 0 eng d
082 00 - DEWEY DECIMAL CLASSIFICATION NUMBER
Classification number 662.6
Item number C1871
100 ## - MAIN ENTRY--PERSONAL NAME
9 (RLIN) 615
Personal name Campbell, J. R.
245 10 - TITLE STATEMENT
Title Methods of analysis of fuels and oils
260 ## - PUBLICATION, DISTRIBUTION, ETC. (IMPRINT)
Place of publication, distribution, etc London
Name of publisher, distributor, etc Constable
Date of publication, distribution, etc 1951
300 ## - PHYSICAL DESCRIPTION
Extent xii,216p.
365 ## - TRADE PRICE
Unit of pricing 15.06
650 #0 - SUBJECT ADDED ENTRY--TOPICAL TERM
Topical term or geographic name as entry element Lubrication and Lubricants
942 ## - ADDED ENTRY ELEMENTS (KOHA)
Item type Books
Holdings
Withdrawn status Lost status Source of classification or shelving scheme Damaged status Not for loan Permanent location Current location Date acquired Source of acquisition Full call number Barcode Date last seen Koha item type
          IMU Kolkata IMU Kolkata 1952-11-09 Longinus 662.6 C1871 00749 2020-01-07 Books
Designed and Maintained by IMU-KC Library, Kolkata Campus © Copyright All Rights Reserved

webs counters

Powered by Koha